| 000 | 01120nam0a22002651 4500 | ||
|---|---|---|---|
| 001 | rc\2933565 | ||
| 005 | 20110821073416.6 | ||
| 035 | _a(NLR Aleph) 007082819 | ||
| 090 |
_a6494349 _c6494349 |
||
| 100 | _a20110821d1937 |||y0rusy50 ca | ||
| 101 | 1 |
_arus _cukr |
|
| 102 | _aRU | ||
| 105 | _aa z ||||| | ||
| 200 | 1 |
_aЛесные сказки _eДля мл. возраста _fОксана Иваненко _gПер. с укр. П. Ильина _gПод общ. ред. К. Чуковского _gРис. А. Лаптева |
|
| 210 |
_aМосква _aЛенинград _cДетиздат _d1937 _eМосква _g17 ф-ка нац. книги треста "Полиграфкнига" |
||
| 215 |
_aПер., 58, [2] с. _cил. _d23х18 см |
||
| 700 | 1 |
_aИваненко _bО. Д. _f1906- _gОксана Дмитриевна |
|
| 702 | 1 |
_aИльин _bП. _4730 |
|
| 702 | 1 |
_aЧуковский _bК. И. _f1882-1969 _gКорней Иванович _3RU\NLR\AUTH\771522 _4340 |
|
| 702 | 1 |
_aЛаптев _bА. _4440 |
|
| 801 | 0 |
_aRU _bNLR _gpsbo |
|
| 801 | 1 |
_aRU _bELAR _2rusmarc |
|
| 852 |
_aNLR _j37-11/676 |
||
| 942 | _cBOOK | ||
| 980 | _aNB | ||